000 00486nam a2200169Ia 4500
008 240729s9999 xx 000 0 und d
022 _a2692-3874
245 0 _aLiquid Blackness
260 _aUnited States
260 _bDuke University Press
650 _a Communities. Classes. Races
650 _a Social sciences (General) | Social Sciences
650 _aSocial Sciences
856 _uhttps://doaj.org/toc/0273c130737749e59cce481eac9dc704
942 _2ddc
942 _cDOAJEJ
999 _c70052
_d70052
945 _a1
_bMadushi Gamage
_c1
_dMadushi Gamage